Los esmaltes de Uruapan (Record no. 1349)
[ view plain ]
| 000 -CABECERA | |
|---|---|
| campo de control de longitud fija | 00806nam a2200217 a 4500 |
| 001 - NÚMERO DE CONTROL | |
| campo de control | BRCA_1488 |
| 005 - FECHA Y HORA DE LA ÚLTIMA TRANSACCIÓN | |
| campo de control | 20190320203441.0 |
| 008 - DATOS DE LONGITUD FIJA--INFORMACIÓN GENERAL | |
| campo de control de longitud fija | 811216s1980 mx-h---##b---f000-0#spa-# |
| 020 ## - NÚMERO INTERNACIONAL ESTÁNDAR DEL LIBRO | |
| Número Internacional Estándar del Libro | 9687108088 |
| 050 #4 - SIGNATURA TOPOGRÁFICA DE LA BIBLIOTECA DEL CONGRESO | |
| Número de clasificación | F1221.T3 |
| Número de documento/Ítem | .L43 1980 |
| 100 1# - ENTRADA PRINCIPAL--NOMBRE DE PERSONA | |
| Nombre de persona | León, Francisco de P. |
| 9 (RLIN) | 4859 |
| 245 10 - MENCIÓN DE TÍTULO | |
| Título | Los esmaltes de Uruapan |
| Mención de responsabilidad, etc. | Francisco de P. León ; presentación de Porfirio Martínez Peñaloza. |
| 260 ## - PUBLICACIÓN, DISTRIBUCIÓN, ETC. | |
| Lugar de publicación, distribución, etc. | México |
| Nombre del editor, distribuidor, etc. | Fomento Cultural Banamex |
| Fecha de publicación, distribución, etc. | 1980 |
| 300 ## - DESCRIPCIÓN FÍSICA | |
| Extensión | xxix, 119 p., [72 p.] de láminas |
| Otras características físicas | il. a color |
| Dimensiones | 32 cm. |
| 500 ## - NOTA GENERAL | |
| Nota general | Facsímil de : Los esmaltes de Uruapan por Francisco D. P. León. Morelia, 1922 |
| 650 14 - PUNTO DE ACCESO ADICIONAL DE MATERIA--TÉRMINO DE MATERIA | |
| Término de materia o nombre geográfico como elemento de entrada | Pintura tarasca |
| 9 (RLIN) | 4860 |
| 650 14 - PUNTO DE ACCESO ADICIONAL DE MATERIA--TÉRMINO DE MATERIA | |
| Término de materia o nombre geográfico como elemento de entrada | Indígenas de México |
| Subdivisión geográfica | México |
| 9 (RLIN) | 4861 |
| 650 14 - PUNTO DE ACCESO ADICIONAL DE MATERIA--TÉRMINO DE MATERIA | |
| Término de materia o nombre geográfico como elemento de entrada | Esmaltes |
| Subdivisión geográfica | México |
| 9 (RLIN) | 4862 |
| 700 1# - PUNTO DE ACCESO ADICIONAL--NOMBRE DE PERSONA | |
| Nombre de persona | Martínez Peñaloza, Porfirio |
| 9 (RLIN) | 1788 |
| 942 ## - ELEMENTOS DE PUNTO DE ACCESO ADICIONAL (KOHA) | |
| Fuente del sistema de clasificación o colocación | Library of Congress Classification |
| Tipo de ítem Koha | Libros |
| Estado de retiro | Estado de pérdida | Estado dañado | No para préstamo | Localización permanente | Ubicación/localización actual | Fecha de adquisición | Total de préstamos | Signatura topográfica completa | Código de barras | Fecha visto por última vez | Precio válido a partir de | Tipo de ítem Koha |
|---|---|---|---|---|---|---|---|---|---|---|---|---|
| El ejemplar forma parte de la colección y puede ser consultado según las políticas vigentes. | Biblioteca del Museo Franz Mayer (Rogerio Casas-Alatriste) | Biblioteca del Museo Franz Mayer (Rogerio Casas-Alatriste) | 26/06/2008 | F1221.T3 .L43 1980 | 02017 | 22/03/2019 | 22/03/2019 | Libros |